| 000 | 00801cam a22002411 4500 | ||
|---|---|---|---|
| 001 | 84791 | ||
| 003 | BD-RjUL | ||
| 005 | 20250409121637.0 | ||
| 008 | 240409s1958 pk c 000 0 urdo | ||
| 035 | _a(BD-RjUL)84791 | ||
| 040 |
_aDLC _cCU _dCU _dDLC _beng |
||
| 041 | _aurd | ||
| 082 |
_223 _a891.4391 _bHAT 1958 |
||
| 100 | 1 |
_aحقّى، شان الحق, - Ḥaqqī., Shānulḥaq _d, 1917-2005 _915211 |
|
| 245 | 1 | 0 |
_aتار پىراہن / Tār-i pairāhan / _cشانُالحق حقّى.;; Shānulḥaq Ḥaqqī |
| 260 |
_c, 1958 _a: سندھ،, Karācī, Sindh, _b اردو اکىڈمى سندھ :،Urdū Akaiḍmī Sindh, |
||
| 300 |
_a282p. _bport. _c22cm. |
||
| 500 | _aIn Urdu. | ||
| 500 | _aText partially vocalized. | ||
| 500 | _aPoems. | ||
| 650 | _aUrdu Poetry | ||
| 942 |
_2ddc _cBK |
||
| 999 |
_c84791 _d84791 |
||